000
00305nam a22001337a 4500
999
_c
533908
_d
533908
020
_a
0786707119
040
_c
MSOHAIL
082
_a
828.809
100
_a
Harry Ricketts
_9
27958
245
_a
Rudyard Kipling : A Life
260
_a
Newyork
_b
Da Capo Press
_c
c2001
300
_a
434;pxv
942
_2
ddc
_c
BK